000 00424nam a22001697a 4500
005 20160624124643.0
008 160624b xxu||||| |||| 00| 0 eng d
020 _a81-229-0190-5
041 _aeng
082 _b9814
100 _aPalterson, Benton Rain and Palterron, Coleman E.P.
_92668
245 _aThe Editor in Chief
260 _bSujeet
_c2005
300 _a193
650 _aMass Communication
_92660
942 _cBK
999 _c3843
_d3842